Saya ingin menjadi tukang masak

Bibliographic Details
Main Author: Safiatul Atiqah Razalli (Author)
Format: Book
Published: Sarawak : Triple F Enterprise 2023
Series:Kerjaya seni idamanku
Subjects:

MARC

LEADER 00000cam a2200000 7i4500
001 0000093290
005 20231206111303.0
020 |a 9786297500379 (  |q (paperback)) 
040 |e rda 
041 |a Malay 
090 0 0 |a JF   |b MAL 
100 1 |a Safiatul Atiqah Razalli ,   |e (author) 
245 1 0 |a Saya ingin menjadi tukang masak   |c Safiatul Atiqah Razalli 
264 1 |a Sarawak :   |b Triple F Enterprise   |c 2023 
300 |a 38 pages :   |b color illustrations ;   |c 26 cm. 
336 |a text  |2 rdacontent 
337 |a unmediated  |2 rdamedia 
338 |a volume  |2 rdacarrier 
490 1 |a Kerjaya seni idamanku 
500 |a Children ages 10-12 years old (pink) 
541 |c Purchased on 2023   |f 00223 SPM   |h RM28.50 
650 0 |a Cooks 
650 0 |a Occupations 
650 0 |a Occupations in art 
730 0 |a Title 
999 |a 0001745873   |b Book   |c Children Collection   |e Perbadanan Perpustakaan Awam Johor 
999 |a 0001746298   |b Book   |c Children Collection   |e Cawangan Urban Transformation Centre 
999 |a 0001746299   |b Book   |c Children Collection   |e Cawangan AEON Kulaijaya 
999 |a 0001746300   |b Book   |c Children Collection   |e Cawangan Mersing 
999 |a 0001746301   |b Book   |c Children Collection   |e Cawangan Segamat 
999 |a 0001746302   |b Book   |c Children Collection   |e Cawangan Tangkak 
999 |a 0001746303   |b Book   |c Children Collection   |e Cawangan Taman Sri Lambak 
999 |a 0001746304   |b Book   |c Children Collection   |e Cawangan Bukit Gambir 
999 |a 0001746305   |b Book   |c Children Collection   |e Cawangan Pontian 
999 |a 0001746306   |b Book   |c Children Collection   |e Cawangan Bandar Penawar 
999 |a 0001746307   |b Book   |c Children Collection   |e Cawangan Muar 
999 |a 0001746308   |b Book   |c Children Collection   |e Perbadanan Perpustakaan Awam Johor 
999 |a 0001746309   |b Book   |c Children Collection   |e Cawangan Batu Pahat 
999 |a 0001746310   |b Book   |c Children Collection   |e Cawangan Bandar Tenggara 
999 |a 0001746311   |b Book   |c Children Collection   |e Cawangan Tmn. Ungku Tun Aminah 
999 |a 0001746312   |b Book   |c Children Collection   |e Cawangan Kota Tinggi 
999 |a 0001746313   |b Book   |c Children Collection   |e Cawangan Taman Universiti